| 000 | 00628nam a22002177a 4500 | ||
|---|---|---|---|
| 005 | 20170123162320.0 | ||
| 010 | _a447495 | ||
| 035 | _a447495 | ||
| 037 | _bCen Lib/Ret | ||
| 040 |
_aDPL _bUR |
||
| 082 |
_a842 _bش ی ک |
||
| 100 |
_aشکسپیر؛ ولیم _9399 |
||
| 245 |
_aوتہلو / _c ولیم شکسپیر |
||
| 246 |
_aOthelo / _bby William Shekspear |
||
| 300 |
_a168p. _c19cm(Hb) |
||
| 650 |
_aانگلش ادب _9108872 |
||
| 650 |
_aانگلش ڈرامہ _9400 |
||
| 650 |
_aEnglish literature _9116597 |
||
| 650 |
_aEnglish drama _9116598 |
||
| 942 |
_2ddc _cUR _h842 _mش ی ک |
||
| 999 |
_c107007 _d107007 |
||